000 00500cab a2200205 4500
001 WB2409-01
008 090401t1988 xxu||||| |||| 00| 0 eng d
035 _a(Sirsi) u48504
041 _aeng
245 _aAgricultural rents
260 _c1988
350 _a0
490 _aMAFF Statistics
_v42/88 24 February 1988 2 pages
520 _aResults of 1987 MAFF annual rent enquiry.
650 _aFARMLAND
650 _aFARMS
690 _aRURAL PRACTICE
942 _n0
948 _c04/03/1997
999 _c30470
_d30470